Catálogo
 En Linea

Simón Bolívar : (Registro nro. 32938)

Detalles MARC
000 -CABECERA
campo de control de longitud fija 00576nam a2200145 a 4500
001 - NÚMERO DE CONTROL
campo de control 000033447
005 - FECHA Y HORA DE LA ÚLTIMA TRANSACCIÓN
campo de control 20200930070250.0
008 - DATOS DE LONGITUD FIJA--INFORMACIÓN GENERAL
campo de control de longitud fija 110829s1933 gw a 000 0 spa d
040 ## - FUENTE DE LA CATALOGACIÓN
Centro catalogador/agencia de origen DO-SdBNP
Lengua de catalogación spa
Centro/agencia transcriptor BNPHU
041 1# - CÓDIGO DE LENGUA
Código de lengua del texto/banda sonora o título independiente spa
Código de lengua original ger
082 ## - NÚMERO DE LA CLASIFICACIÓN DECIMAL DEWEY
Número de clasificación xxx
Número de documento/Ítem S594
245 00 - MENCIÓN DE TÍTULO
Título Simón Bolívar :
Resto del título Discursos pronunciados el día 19 de diciembre de 1932, en el Salón de Actos del Instituto Ibero-Americano de Berlín, con motivo de la solemne entrega del busto de Simón Bolívar.
260 ## - PUBLICACIÓN, DISTRIBUCIÓN, ETC.
Lugar de publicación, distribución, etc. Berlín :
Nombre del editor, distribuidor, etc. Instituto Ibero-Americano de Berlín,
Fecha de publicación, distribución, etc. 1933.
300 ## - DESCRIPCIÓN FÍSICA
Extensión 55 p. :
Otras características físicas il. ;
Dimensiones 23 cm.
Existencias
Estado de retiro Estado de pérdida Restricciones de uso No para préstamo Código de colección Localización permanente Ubicación/localización actual Ubicación en estantería Fecha de adquisición Número de inventario Total de préstamos Signatura topográfica completa Código de barras Fecha visto por última vez Precio válido a partir de Tipo de ítem Koha
        Monografías: Libros y Folletos Patrimonio Dominicano Patrimonio Dominicano Orden iniciada 29.08.2011 LF1   xxx S594 33447-10 25.06.2020 25.06.2020 No se presta

Con tecnología Koha